Liga MX 2025/26 First XI - Statistics

General Stats
  • This quiz has been taken 58 times
  • The average score is 35 of 198
Answer Stats
Club Position Nationality Player % Correct
América LW Brian Rodríguez
65%
Monterrey CM Jorge Agustín Rodríguez
61%
Tijuana GK José Antonio Rodríguez
61%
Necaxa CM José Iván Rodríguez
61%
FC Juárez RW José Luis Rodríguez
61%
Querétaro LM Lucas Rodríguez
61%
Pachuca RB Luis Alfonso Rodríguez
61%
Guadalajara LB Bryan González
57%
Guadalajara CM Fernando Rubén González
57%
Monterrey CB Sergio Ramos
57%
Atlas CM Diego González
54%
Puebla GK Julio José González
54%
Puebla LW Owen González
54%
Atlas GK Cesar Ramos
52%
Guadalajara FW Cade Cowell
48%
Tigres UANL GK Nahuel Guzmán
48%
Tigres UANL FW Ángel Correa
43%
Monterrey RB Érick Aguirre
41%
Tijuana CM Gilberto Mora
41%
América FW Rodrigo Aguirre
41%
Atlas FW Eduardo Aguirre
39%
Atlas CB Gaddi Aguirre
39%
Monterrey RM Óliver Torres
37%
América RW Alejandro Zendejas
35%
Tigres UANL RB Javier Aquino
35%
Atlas CB Adrián Mora
33%
Monterrey FW Alfonso Alvarado
33%
Atlético San Luis GK Andrés Sánchez
33%
Cruz Azul FW Ángel Sepúlveda
33%
Tigres UANL RW Diego Lainez
33%
América CM Erick Sánchez
33%
Monterrey FW Germán Berterame
33%
Guadalajara CB Gilberto Sepúlveda
33%
Toluca AM Jesús Angulo
33%
Atlético San Luis RB Román Torres
33%
Mazatlán WB Alberto Herrera
30%
Monterrey AM Jesús Corona
30%
Mazatlán AM Jesús Hernández
30%
Tigres UANL CB Joaquim
30%
Querétaro GK José Santiago Hernández
30%
Atlas CM Sergio Hernandez
30%
Monterrey CB Stefan Medina
30%
Tigres UANL DM Fernando Gorriarán
28%
Tigres UANL AM Juan Brunetta
28%
Cruz Azul GK Kevin Mier
28%
UNAM CM Adalberto Carrasquilla
26%
Toluca LW Alexis Vega
26%
Guadalajara CM Efrain Alvarez
26%
Tigres UANL LB Marco Farfan
26%
Monterrey GK Santiago Mele
26%
Santos Laguna CM Aldo López
24%
Monterrey LB Gerardo Arteaga
24%
Guadalajara CM Luis Romo
24%
Toluca FW Paulinho
24%
Mazatlán GK Ricardo Gutiérrez
24%
UNAM RM Rodrigo López
24%
América CB Sebastián Cáceres
24%
Santos Laguna GK Carlos Acevedo
22%
FC Juárez CM Denzell García
22%
Tijuana LB Jesús Vega
22%
Cruz Azul RM José Paradela
22%
Puebla CM Luis Rey
22%
Guadalajara RB Miguel Gómez
22%
América GK Rodolfo Cota
22%
Cruz Azul CB Willer Ditta
22%
Querétaro FW Aldahir Perez
20%
Tigres UANL DM Bernardo Parra
20%
Cruz Azul RB Ignacio Rivero
20%
Toluca CB Luan Garcia
20%
Toluca GK Luis Manuel García
20%
Cruz Azul LM Mateusz Bogusz
20%
Atlético San Luis LW Miguel Garcia
20%
León GK Oscar Jiménez
20%
Necaxa LW Pavel Pérez
20%
UNAM GK Rodrigo Parra
20%
Tigres UANL CB Romulo
20%
América CB Igor Lichnovsky
17%
León LB Salvador Reyes
17%
Necaxa CM Agustín Palavecino
15%
Tigres UANL LW Francisco Sebastián Córdova
15%
Toluca DM Franco Romero
15%
Monterrey LM Iker Fimbres
15%
Toluca LB Jesús Gallardo
15%
Cruz Azul CM Luka Romero
15%
Toluca DM Marcel Ruiz
15%
Tijuana RB Rafael Fernández
15%
FC Juárez GK Sebastián Jurado
15%
Tijuana CB Unai Bilbao
15%
Atlas FW Uroš Đurđević
15%
Atlas CM Aldo Rocha
13%
América CB Cristian Borja
13%
Necaxa FW Diber Cambindo
13%
Guadalajara CB Diego Campillo
13%
FC Juárez CB Diego Ochoa
13%
Puebla RW Edgar Guerra
13%
Cruz Azul DM Erik Lira
13%
Toluca CB Federico Pereira
13%
UNAM CM José Caicedo
13%
Tijuana CM Kevin Castañeda
13%
Cruz Azul CM Lorenzo Faravelli
13%
Cruz Azul LB Omar Campos
13%
UNAM LM Piero Quispe
13%
Pachuca RW Alexei Dominguez
11%
Cruz Azul CB Gonzalo Piovi
11%
Atlas RB Gustavo Ferrareis
11%
Puebla RB Jesús Rivas
11%
Atlético San Luis FW João Pedro
11%
Toluca RW Juan Domínguez
11%
Pachuca LW Luis Enrique Quiñones
11%
FC Juárez CB Moises Castillo
11%
UNAM CB Nathan Silva
11%
Tijuana FW Shamar Nicholson
11%
América CM Alan Cervantes
9%
Pachuca GK Carlos Moreno
9%
Toluca RB Diego Barbosa
9%
Puebla FW Esteban Lozano
9%
Necaxa GK Ezequiel Unsain
9%
León DM Fernando Beltrán
9%
Querétaro LB Francisco Eduardo Venegas
9%
León AM Iván Moreno
9%
Tijuana CB Jackson Porozo
9%
Atlas LB José Lozano
9%
Guadalajara CB Miguel Tapias
9%
Atlético San Luis DM Rodrigo Dourado
9%
Atlético San Luis AM Sebastien Salles-Lamonge
9%
Tijuana LM Adonis Preciado
7%
Pachuca AM Alán Bautista
7%
Necaxa CB Alexis Francisco Peña
7%
Mazatlán FW Anderson Duarte
7%
Querétaro RM Jaime Gómez Valencia
7%
Santos Laguna RB José Abella
7%
León RW José David Ramírez
7%
Puebla LM Miguel Ramírez
7%
Mazatlán AM Nicolás Benedetti
7%
Querétaro RB Omar Israel Mendoza
7%
Atlético San Luis DM Oscar Macías
7%
UNAM RB Pablo Bennevendo Peña
7%
UNAM CB Rubén Duarte
7%
UNAM CM Santiago Trigos
7%
Atlas CB Víctor Ríos
7%
FC Juárez CB Alejandro Mayorga
4%
Puebla RM Alejandro Organista
4%
Pachuca LB Alonso Aceves
4%
Mazatlán WB Ángel Saavedra
4%
FC Juárez FW Ángel Zaldívar
4%
Santos Laguna CB Bruno Amione
4%
León LW Carlos Ernesto Cisneros
4%
Necaxa LM Cristian Calderón
4%
América RM Dagoberto Espinoza
4%
Necaxa CB Diego De Buen
4%
Atlético San Luis CB Eduardo Águila
4%
Pachuca DM Elias Montiel
4%
León FW Ettson Ayon
4%
Santos Laguna CM Fran Villalba
4%
UNAM FW Guillermo Martínez Ayala
4%
Tijuana DM Iván Tona
4%
León CB Jaine Barreiro
4%
Querétaro CB Jesús Piñuelas
4%
Pachuca FW Jhonder Cádiz
4%
Mazatlán CM Jordan Sierra
4%
Puebla CB Juan Fedorco
4%
Atlético San Luis LB Juan Manuel Sanabria
4%
Querétaro CM Kevin Escamilla
4%
FC Juárez LM Madson
4%
UNAM LB Pablo Monroy
4%
América LM Ralph Orquin
4%
Tijuana RM Ramiro Árciga
4%
FC Juárez LW Ricardinho
4%
Necaxa RW Ricardo Monreal
4%
Querétaro CM Rodrigo Bogarín
4%
Puebla CB Rodrigo Pachuca
4%
Querétaro FW Ronaldo Cisneros
4%
Mazatlán CB Samir Santos
4%
Guadalajara FW Santiago Sandoval
4%
León RB Sebastian Santos
4%
León CB Adonis Frías
2%
Santos Laguna FW Alberto Ocejo
2%
Mazatlán CB Bryan Colula
2%
Pachuca CB Eduardo Gabriel
2%
Santos Laguna LB Emmanuel Echeverría
2%
Mazatlán CB Facundo Almada
2%
FC Juárez RM Francisco Nevarez
2%
FC Juárez CM Guilherme Carvalho
2%
Santos Laguna CB Haret Ortega
2%
Santos Laguna CM Javier Güemez
2%
Necaxa CB Jesús Alcantar
2%
Mazatlán CM José Joaquín Esquivel
2%
Guadalajara GK José Rangel Aguilar
2%
Atlético San Luis CB Juanpe
2%
Santos Laguna CB Kevin Balanta
2%
Necaxa RM Kevin Rosero
2%
Querétaro CB Óscar Manzanarez
2%
Pachuca DM Pedro Pedraza
2%
Santos Laguna FW Ramiro Sordo
2%
León DM Rodrigo Echeverría
2%
Pachuca CB Sergio Barreto
2%
Puebla LB Walter Portales
2%
Atlético San Luis RW Yan Phillipe
2%
No matching quizzes found
Score Distribution
Percent of People with Each Score
Percentile by Number Answered
Your Score History
You have not taken this quiz